| 000 | 00549nam a2200169 4500 | ||
|---|---|---|---|
| 003 | LK-CoMWRAF | ||
| 005 | 20240217003216.0 | ||
| 008 | 231209b |||||||| |||| 00| 0 eng d | ||
| 040 |
_aLK-CoMWRAF _dLK-CoMWRAF _eLK-CoMWRAF |
||
| 041 | _atam | ||
| 082 |
_a297.5 _bIQB |
||
| 100 | _aஇக்பால், மொழிபெயா்ப்புு ஏ. | ||
| 245 | _aஇஸ்லாத்தில் மகளிா் நிலை | ||
| 260 |
_aColombo : _bMuslim Women's Research and Action Forum - MWRAF, _c1996 |
||
| 300 | _a58 p. | ||
| 942 | _cBK | ||
| 999 |
_c4324 _d4324 |
||